Dogma dialógico: el diálogo interreligioso como tarea cristiana

Uloženo v:
Podrobná bibliografie
Hlavní autor: Stubenrauch, Bertram (Autor)
Médium: Kniha
Jazyk:španělština
Vydáno: Bilbao Desclee de Brouwer 2001
Vydání:1a. ed
Edice:Teoría, 14
Témata:
Tagy: Přidat tag
Žádné tagy, Buďte první, kdo vytvoří štítek k tomuto záznamu!

MARC

LEADER 00000cam a2200000 a 4500
001 UCE7174
003 CL-VaPUC
008 150529e20010000sp |||||||||||||||||spa|d
020 |a 8433016172 
082 0 4 |a 230.04  |b STU  |2 21 
100 0 |a Stubenrauch, Bertram  |e author  |9 579865 
245 1 0 |a Dogma dialógico: el diálogo interreligioso como tarea cristiana 
250 |a 1a. ed 
300 |a 330 p 
942 |c BK 
945 |d 20150529 15:00:00  |a dcastane 
260 |a Bilbao  |b Desclee de Brouwer  |c 2001 
650 7 |a TEOLOGIA CATOLICA  |2 CL-VaPUC  |9 394698 
650 7 |a DOGMATISMO  |2 CL-VaPUC  |9 337265 
650 0 |a Iglesia Católica  |9 256114 
583 |a last modification  |c 20150529 15:00:00  |k Rodrigo Vera 
490 0 |a Teoría, 14 
999 |c 359297  |d 359295 
952 |0 0  |1 0  |3 erb  |4 0  |6 230_040000000000000_STU_2001  |7 0  |8 A  |9 468446  |a BIBTEO  |b BIBTEO  |e Casale Rolle, Carlos Ignacio, -2014  |i 5182417  |o 230.04 STU 2001  |p 5182417  |r 2025-01-17  |w 2019-11-23  |y BK  |z Catalogado en:20150529  |k ICR